| 000 | 00587nam a2200229Ia 4500 | ||
|---|---|---|---|
| 003 | OSt | ||
| 005 | 20230503100503.0 | ||
| 008 | 210423s2011 xx 000 0 und d | ||
| 020 | _a9788125920632 | ||
| 040 | _cAL | ||
| 041 | _aeng | ||
| 082 |
_a621.3815 SALS _223 |
||
| 100 |
_aSALIVAHANAN (S);ARIVAZHAGAN (S). _994644 |
||
| 245 | _aDigital circuits and design. | ||
| 250 | _a3 | ||
| 260 |
_aNew Delhi _bVikas Publications _c2011 |
||
| 300 |
_axxii,665 _bPB |
||
| 365 |
_b350 _cINR |
||
| 650 |
_aElectronics _994645 |
||
| 906 | _acircuits ; design. ; Digital | ||
| 942 |
_2ddc _cBK |
||
| 999 |
_c161913 _d161913 |
||